000 00948nam a22003017a 4500
001 000379
003 DO-SdBNP
005 20230502120934.0
007 000380
008 160708b 2005 sp 00| 0 spa d
020 _a8426134440
040 _aBPMSU
_bspa
_cBPMSU
082 4 _a839.736
_bL745m 2005
_222
100 1 _aLindgren, Astrid,
_d1907-2002.
245 1 0 _aMío, mi pequeño mío /
_cAstrid Lindgren ; traducción de Herminia Dauer ; ilustraciones de Ilon Wiklan.
260 _aBarcelona :
_bJuventud,
_c2005.
300 _a141 p. :
_bil. ;
_c22 cm.
490 0 _aJuventud
500 _a
500 _aIncluye datos biográficos de la autor en la solapa de la contracubierta.
590 _6Inventariado, 2023/VM
650 4 _aNovela juvenil sueca
700 1 _aWikland, Ilon,
_eil.
700 1 _aDauer, Herminia,
_etr.
700 1 _aSorrentino, Fernando
910 _aLOPEREZ/VMateo V. Control de calidad (BMSU)
942 _2ddc
_cBK
999 _c10792
_d10792